Statistiques concernant Pokémon de Type Feu

Cliquez ici pour prendre le quiz!

Statistiques générales

  • Ce quiz a été pris 1,445 fois
    (1,381 depuis la dernière actualisation)
  • Le résultat moyen est 40 sur 60

Statistiques - réponses

Pokémon % Correct
Salamèche
99%
Reptincel
99%
Dracaufeu
98%
Héricendre
90%
Poussifeu
89%
Braségali
87%
Typhlosion
86%
Galifeu
86%
Sulfura
86%
Arcanin
86%
Caninos
86%
Ouisticram
86%
Magmar
85%
Feurisson
85%
Feunard
83%
Goupix
83%
Simiabraz
83%
Galopa
80%
Chimpenfeu
80%
Ponyta
80%
Gruikui
79%
Roitiflam
77%
Magby
76%
Grotichon
75%
Pyroli
75%
Maganon
73%
Feunnec
73%
Limagma
70%
Enteï
70%
Goupelin
69%
Volcaropod
68%
Camérupt
66%
Chartor
64%
Heatran
63%
Roussil
63%
Chamallot
62%
Reshiram
60%
Démolosse
60%
Malosse
60%
Ho-oh
58%
Volcanion
55%
Flamajou
53%
Flambusard
52%
Lugulabre
51%
Flamoutan
51%
Funécire
51%
Darumacho
50%
Darumacho Transe
50%
Pyrax
47%
Aflamanoir
46%
Mélancolux
46%
Braisillon
46%
Hélionceau
45%
Darumarond
45%
Victini
45%
Némélios
45%
Arceus
44%
Pyronille
43%
Motisma
34%
Morphéo
27%

Distribution des résultats

Percentile par nombre de réponses

% des personnes avec chaque résultat

Votre développement - résultats

Vous n’avez pas pris ce quiz depuis la dernière actualisation